| 000 | 00360nam a2200145Ia 4500 | ||
|---|---|---|---|
| 008 | 230312s9999||||xx |||||||||||||| ||und|| | ||
| 082 |
_a615.19 _bMUS-E |
||
| 100 | _aMushtaq Ahmad | ||
| 245 | 0 | _aEssentisal of Medical Physiology | |
| 260 |
_bMerit Publishers _aPakistan _c2002 |
||
| 300 | _a386 | ||
| 546 | _aEng. | ||
| 650 |
_aMedical _vPhysiology |
||
| 942 | _cBK | ||
| 999 |
_c3759 _d3759 |
||